Organizácia a riadenie výroby priemyselných podnikov

Saved in:
Bibliographic Details
Main Author: Leščišin, Michal
Corporate Author: Vysoká škola ekonomická v Bratislave
Other Authors: Líbal, Vladimír, Marko, Jozef
Format: Book
Language:Slovak
Published: Bratislava ALFA 1979
Subjects:
Tags: Add Tag
No Tags, Be the first to tag this record!

MARC

LEADER 00000nam$a2200000$$$4500
001 0128083
005 20240502072448.4
041 0 |a slo 
044 |a SK 
245 1 0 |a Organizácia a riadenie výroby priemyselných podnikov  |c Michal Leščišin 
264 1 |a Bratislava  |b ALFA  |c 1979 
300 |a 447 s. 
610 2 0 |a riadenie výroby 
610 2 0 |a organizácia výroby 
610 2 0 |a podnik priemyselný 
610 2 0 |a obsluha výroby 
610 2 0 |a riadenie kvality 
610 2 0 |a analýza systémová 
610 2 0 |a modelovanie 
100 1 |a Leščišin, Michal 
700 1 |a Líbal, Vladimír 
700 1 |a Marko, Jozef 
710 2 |a Vysoká škola ekonomická v Bratislave